00340nam a22000977a 4500008004100000082001600041110003200057245009800089260004800187300000700235230621b xxu||||| |||| 00| 0 eng d a328.03bNAZ bNational Assembly of Zambia aParliamentary Procedure Abstract Series 4bBrief Parliamentary Notes on the Budgetary process bNational Assembly Research Departmentc1995 a4p